Catalog

Record Details

Catalog Search



Hidden in plain sight : William Warwick Cover Image Book Book

Hidden in plain sight : William Warwick/ Jeffrey Archer.

Summary:

William Warwick has been promoted to Detective Sergeant, but his promotion means that he, along with the rest of his team, have been reassigned to the Drugs Squad. They are immediately tasked with apprehending Ahmed Rashedi, a notorious drug dealer, who operates his extensive network out of South London. As the investigation progresses, William runs into enemies old and new: Adrian Heath, from his school days, now a street dealer who he convinces to turn informer; and financier Miles Faulkner, who makes a mistake that could finally see him put behind bars. Meanwhile, William and his fiancée Beth enjoy making preparations for their upcoming wedding, though an unpleasant surprise awaits them at the altar. As William's team closes the net around a criminal network like none they have ever faced before, he devises a trap they would never expect, one that is hidden in plain sight . . "-- Provided by publisher.

Record details

  • ISBN: 9781250200785
  • ISBN: 1250200784
  • Physical Description: 295 pages ; 25 cm.
  • Edition: First U.S. edition.
  • Publisher: New York : St. Martin's Press, 2020.
Subject: Warwick, William (Fictitious characters) > Fiction.
Great Britain. Metropolitan Police Office > Fiction.
Police > England > London > Fiction.
Drug traffic > Investigation > Fiction.
Drug dealers > England > London > Fiction.
Interpersonal relations > Fiction.
England > London.
Genre: Detective and mystery fiction.

Available copies

  • 1 of 1 copy available at scottsboropl.

Holds

  • 0 current holds with 1 total copy.
Show Only Available Copies
Location Call Number / Copy Notes Barcode Shelving Location Status Due Date
scottsboropl F Arc 32269001190761 Adult - Fiction Available -

LDR 03100cam a22005538i 4500
001154606
003SBPL
00520201110151728.0
008200529s2020 nyu 000 1 eng
010 . ‡a 2020024223
020 . ‡a9781250200785 ‡q(hardcover)
020 . ‡a1250200784 ‡q(hardcover)
035 . ‡a(OCoLC)1130371506 ‡z(OCoLC)1201258668 ‡z(OCoLC)1201548716 ‡z(OCoLC)1202150849 ‡z(OCoLC)1204117242 ‡z(OCoLC)1206412859 ‡z(OCoLC)1222913379 ‡z(OCoLC)1222953028 ‡z(OCoLC)1224259033 ‡z(OCoLC)1226768295 ‡z(OCoLC)1240002746 ‡z(OCoLC)1249187210 ‡z(OCoLC)1250092910 ‡z(OCoLC)1267606761 ‡z(OCoLC)1305088804 ‡z(OCoLC)1322477032
05000. ‡aPS3616.I425 ‡bH53 2020
08200. ‡a813/.6 ‡223
1001 . ‡aArcher, Jeffrey, ‡d1940-: ‡eauthor.
24510. ‡aHidden in plain sight : ‡bWilliam Warwick/ ‡cJeffrey Archer.
250 . ‡aFirst U.S. edition.
263 . ‡a2011
264 1. ‡aNew York : ‡bSt. Martin's Press, ‡c2020.
300 . ‡a295 pages ; ‡c25 cm.
336 . ‡atext ‡btxt ‡2rdacontent
337 . ‡aunmediated ‡bn ‡2rdamedia
338 . ‡avolume ‡bnc ‡2rdacarrier
4901 . ‡aWilliam Warwick novels ; ‡vBk 2
520 . ‡aWilliam Warwick has been promoted to Detective Sergeant, but his promotion means that he, along with the rest of his team, have been reassigned to the Drugs Squad. They are immediately tasked with apprehending Ahmed Rashedi, a notorious drug dealer, who operates his extensive network out of South London. As the investigation progresses, William runs into enemies old and new: Adrian Heath, from his school days, now a street dealer who he convinces to turn informer; and financier Miles Faulkner, who makes a mistake that could finally see him put behind bars. Meanwhile, William and his fiancée Beth enjoy making preparations for their upcoming wedding, though an unpleasant surprise awaits them at the altar. As William's team closes the net around a criminal network like none they have ever faced before, he devises a trap they would never expect, one that is hidden in plain sight . . "-- ‡cProvided by publisher.
60010. ‡aWarwick, William (Fictitious characters) ‡vFiction.
61010. ‡aGreat Britain. ‡bMetropolitan Police Office ‡vFiction.
650 0. ‡aPolice ‡zEngland ‡zLondon ‡vFiction.
650 0. ‡aDrug traffic ‡xInvestigation ‡vFiction.
650 0. ‡aDrug dealers ‡zEngland ‡zLondon ‡vFiction.
650 0. ‡aInterpersonal relations ‡vFiction.
651 7. ‡aEngland ‡zLondon. ‡2fast ‡0(OCoLC)fst01204271
655 7. ‡aDetective and mystery fiction. ‡2lcgft
8001 . ‡aWilliam Warwick novels ; ‡vBk 2
8301 . ‡aArcher, Jeffrey, ‡d1940- ‡tWilliam Warwick novels.
901 . ‡a154606 ‡b ‡c154606 ‡tbiblio

Additional Resources